Crónica del moro Rasis..., 889-955 / (Record no. 21719)
[ view plain ]
| 000 -LEADER | |
|---|---|
| campo de control de longitud fija | 01052nam a2200253 i 4500 |
| 001 - NÚMERO DE CONTROL | |
| campo de control | 21719 |
| 003 - IDENTIFICADOR DE NÚMERO DE CONTROL | |
| campo de control | ES-MaACL |
| 005 - FECHA Y HORA DE LA ÚLTIMA TRANSACCIÓN | |
| campo de control | 20250815041419.0 |
| 007 - CAMPO FIJO DE DESCRIPCIÓN FÍSICA--INFORMACIÓN GENERAL | |
| campo de control de longitud fija | t| |
| 008 - DATOS DE LONGITUD FIJA--INFORMACIÓN GENERAL | |
| campo de control de longitud fija | 021127s1975 sp ||||1| spa d |
| 100 1# - ENTRADA PRINCIPAL--NOMBRE DE PERSONA | |
| Nombre de persona | Al-Razi, Ahmad b. Muhammad. |
| 9 (RLIN) | 19054 |
| 245 10 - MENCIÓN DEL TÍTULO | |
| Título | Crónica del moro Rasis..., 889-955 / |
| Mención de responsabilidad, etc. | romanzada por Mahomad, alarife y Gil Pérez, clérigo de Don Perianes Porçel ; Diego Catalán ... [et al.] prepararon esta edición pluritextual. |
| 260 ## - PUBLICACIÓN, DISTRIBUCIÓN, ETC. | |
| Lugar de publicación, distribución, etc. | [Madrid : |
| Nombre del editor, distribuidor, etc. | Gredos, |
| Fecha de publicación, distribución, etc. | 1975] |
| 300 ## - DESCRIPCIÓN FÍSICA | |
| Extensión | CX, 389 p., 4 lám. ; |
| Dimensiones | 28 cm. |
| 490 1# - MENCIÓN DE SERIE | |
| Mención de serie | Fuentes cronístas de la historia de España ; |
| Designación de volumen o secuencia | 3 |
| 651 #4 - PUNTO DE ACCESO ADICIONAL DE MATERIA--NOMBRE GEOGRÁFICO | |
| Nombre geográfico | España- |
| Subdivisión general | Descripción- |
| Subdivisión de forma | Obras anteriores a 1800. |
| 9 (RLIN) | 147509 |
| 651 #4 - PUNTO DE ACCESO ADICIONAL DE MATERIA--NOMBRE GEOGRÁFICO | |
| Nombre geográfico | España- |
| Subdivisión general | Historia- |
| Subdivisión cronológica | Hasta 414. |
| 9 (RLIN) | 148016 |
| 651 #7 - PUNTO DE ACCESO ADICIONAL DE MATERIA--NOMBRE GEOGRÁFICO | |
| Nombre geográfico | España- |
| Subdivisión general | Historia- |
| Subdivisión cronológica | 0414-0711, Época visigoda |
| Fuente del encabezamiento o término | |
| 9 (RLIN) | 162046 |
| 700 1# - ENTRADA AGREGADA--NOMBRE PERSONAL | |
| Nombre de persona | Gil Pérez, Mahomad. |
| 9 (RLIN) | 56861 |
| 700 1# - ENTRADA AGREGADA--NOMBRE PERSONAL | |
| Nombre de persona | Catalán, Diego. |
| 9 (RLIN) | 37019 |
| 830 00 - PUNTO DE ACCESO ADICIONAL DE SERIE-TÍTULO UNIFORME | |
| Título uniforme | Fuentes cronísticas de la historia de España |
| Designación de volumen o secuencia | 3 |
| 9 (RLIN) | 182314 |
| 852 ## - LOCALIZACIÓN | |
| Ubicación | ES-MaACL |
| Número de control de estantería | L-2083 |
| Sublocalización o colección | R.92262 |
| Estatus retirado | Estado de pérdida | Estado de daño | No para préstamo | Biblioteca de origen | Biblioteca actual | Ubicación en estantería | Fecha de adquisición | Fuente de adquisición | Total de préstamos | Signatura topográfica completa | Código de barras | Visto por última vez | Precio de reemplazo | Tipo de ítem Koha |
|---|---|---|---|---|---|---|---|---|---|---|---|---|---|---|
| Biblioteca del Ateneo de Madrid | Biblioteca del Ateneo de Madrid | Depósito 2 | 17/01/2008 | L-2083 | 1022323 | 23/02/2023 | 23/02/2023 | Libro impreso |
